00394nam a2200145Ia 4500008004100000020001500041041001200056082001100068100001500079245009500094250000800189260002900197300000800226650001400234221030s9999 xx 000 0 und d a8183330088 aEnglish a105.23 aI. Bayross 0aWeb Enabled Commercial Applications Development Using - HTML, DHTML, Java Script, Perl CGI a3rd bBPB PubaNew Delhic2010 a427 aComputers